A participação da indústria óleo-citrícola na balança comercial brasileira (Registro n. 298604)
[ somente texto ]
| 000 -LÍDER | |
|---|---|
| fixed length control field | 04187nab a2200313 i 4500 |
| 003 - CÓDIGO MARC DA AGÊNCIA CATALOGADORA | |
| Campo de controle | BR-BrBNA |
| 005 - DATA E HORA DA ÚLTIMA ATUALIZAÇÃO | |
| Campo de controle | 20240227125102.0 |
| 008 - CAMPO DE TAMANHO FIXO | |
| fixed length control field | 240227b2006 bl.qr|p|oa||| 00| 0 por | |
| 040 ## - FONTE DA CATALOGAÇÃO | |
| Agência catalogadora | BR-BrBNA |
| Idioma da catalogação | por |
| 072 ## - CATEGORIA AGRIS | |
| Código AGRIS | E71 |
| 072 ## - CATEGORIA AGRIS | |
| Código AGRIS | E70 |
| 072 ## - CATEGORIA AGRIS | |
| Código AGRIS | E72 |
| 100 ## - ENTRADA PRINCIPAL - NOME PESSOAL | |
| Nome pessoal | Silva Santos, A. |
| 100 ## - ENTRADA PRINCIPAL - NOME PESSOAL | |
| Nome pessoal | Bizzo, H.R. |
| 100 ## - ENTRADA PRINCIPAL - NOME PESSOAL | |
| Nome pessoal | Antunes, A.M.S. |
| 100 ## - ENTRADA PRINCIPAL - NOME PESSOAL | |
| Nome pessoal | D’Avila, I.A. |
| 245 ## - TÍTULO PRINCIPAL | |
| Título principal | A participação da indústria óleo-citrícola na balança comercial brasileira |
| 500 ## - NOTA GERAL | |
| Nota geral | Publicação on-line; 11 ref.; 6 illus.; Summaries (En, Pt) |
| 942 ## - ADDED ENTRY ELEMENTS (KOHA) | |
| Koha item type | |
| 520 ## - NOTA DE RESUMO | |
| Nota de conteúdo | <br/><br/>RESUMO: <br/><br/>Óleos essenciais são importantes matérias-primas industriais utilizadas, por exemplo, na<br/>manufatura de produtos dos setores de perfumaria, cosmética, farmacêutica, alimentos e polímeros,<br/>em nível mundial. Produzidos na maioria dos países industrializados, a comercialização desses óleos<br/>submete-se às práticas internacionais de Comércio Exterior. Este trabalho avalia o comportamento da<br/>indústria brasileira produtora de óleos essenciais cítricos, em relação às exportações e importações<br/>praticadas entre 1990 e 2002, usando o banco de dados da Secretaria do Comércio Exterior/<br/>Departamento de operações de Comércio Exterior (SECEX/DECEX). As exportações brasileiras de óleos<br/>essenciais (considerando os óleos cítricos e os não-cítricos em conjunto) são lideradas pelo óleo de<br/>laranja, responsável por 90% das 20 mil t exportadas por ano no período analisado (em 2002, o produto<br/>alcançou 93,6% das 21.730 t exportadas) e mais de 60% dos valores de exportações (também em<br/>2002, respondeu por 78,0% de US$ 49.704.920). Sendo um subproduto da produção do suco de laranja,<br/>a comercialização do óleo essencial de laranja sofre as conseqüências das exportações do suco de<br/>laranja, dependente das variações do câmbio e das safras cultivadas nos Estados de São Paulo<br/>(Brasil) e da Flórida (EUA), e em conjunto, esses aspectos respondem pelas oscilações ocorridas no<br/>conjunto das exportações de óleos essenciais.<br/><br/>Palavras-chave: Óleo essencial, cítrico, laranja, comércio exterior, subprodutos |
| 520 ## - NOTA DE RESUMO | |
| Nota de conteúdo | <br/><br/>ABSTRACT: <br/><br/>Participation ofthe citrus oil industry in Brazilian Trade Balance. Essential oils are important<br/>industrial raw material used, for example, in the manufacture of perfumery products, in cosmetics,<br/>pharmaceuticals, food and polymer industries worldwide. Produced in the majority of industrialized countries,<br/>essential oils are submitted to the international practices of Foreign Trade. This work evaluates the behavior<br/>of Brazilian citrus essential oil industry in reference to the exports and imports that took place in 1990-2002,<br/>using the database of the Brazilian Secretariat of Foreign Trade/Department of operations of Foreign Trade<br/>(SECEX/DECEX). Brazilian essential oil exports (considering citrus and non citrus oils jointly) are dominated<br/>by orange essential oil, accounting for 90% of the 20 thousand tons exported per year in the analyzed period<br/>(in 2002, the product reached 93.6% from a total of 21,730 tons exported) and more than 60% of the export<br/>figures (also in 2002, it corresponded to 78.0% of US$ 49,704,920). The commerce of orange essential oil<br/>suffers the consequences of the exports of orange juice; as a by-product of orange juice production it is<br/>dependent of the variations of the dollar exchange rates and the yield of crops in the State of São Paulo (Brazil)<br/>and Florida (U.S.A.). These aspects were responsible for the occurrence of oscillations in the essential oil<br/>exports in the period.<br/><br/>Key words: essential oil, citrus, orange, foreign trade, by-products |
| 650 ## - ASSUNTO - THESAGRO | |
| Cabeçalho tópico ou nome geográfico | ÓLEO ESSENCIAL |
| 650 ## - ASSUNTO - THESAGRO | |
| Cabeçalho tópico ou nome geográfico | LARANJA |
| 650 ## - ASSUNTO - THESAGRO | |
| Cabeçalho tópico ou nome geográfico | COMÉRCIO EXTERIOR |
| 650 ## - ASSUNTO - THESAGRO | |
| Cabeçalho tópico ou nome geográfico | SUBPRODUTO |
| 773 0# - ENTRADA ANALÍTICA | |
| Host Biblionumber | 3543 |
| Registro do item | 313785 |
| Imprenta | Botucatu-SP Instituto de Biociências - Departamento de Química e Bioquímica 1998 |
| Outro identificador | 2024-0053 |
| Título | Revista Brasileira de Plantas Medicinais (Brazil) |
| ISSN | 1516-0572 |
| Colação | v. 8(4) p. 8-13; (2006) |
| Número de controle de registro | BR2024000068 |
| 856 ## - ACESSO E ENDEREÇO ELETRÔNICO | |
| Identificador uniforme de recurso - URI | https://www.sbpmed.org.br/admin/files/papers/file_YfnlG69T1vSQ.pdf |
Nenhum exemplar disponível.

BINAGRI